Etudes sur quelques parlers de nomades arabes d'Orient /
Main Author:
Corporate Author:
Format: Book
Language: French
Published:
Paris :
Librairie Larose,
[1937?]
Tags: Add Tag
Call Number: PJ6709 .C16 v.2
| LEADER | 00959cam a2200253Ma 4500 | ||
|---|---|---|---|
| 001 | ocn637130755 | ||
| 003 | OCoLC | ||
| 005 | 20240222082932.0 | ||
| 008 | 051009s1937 fr bf 000 0 fre d | ||
| 050 | 4 | |a PJ6709 |b .C16 v.2 | |
| 100 | 1 | |a Cantineau, J. |q (Jean), |d 1899-1956. | |
| 245 | 1 | 0 | |a Etudes sur quelques parlers de nomades arabes d'Orient / |c Jean Cantineau. |
| 264 | 1 | |a Paris : |b Librairie Larose, |c [1937?] | |
| 300 | |a 121 pages, 1 unnumbered leaf of plates : |b 1 folded map | ||
| 336 | |a text |b txt |2 rdacontent | ||
| 337 | |a unmediated |b n |2 rdamedia | ||
| 338 | |a volume |b nc |2 rdacarrier | ||
| 500 | |a Cover title. | ||
| 500 | |a At head of title: Faculte des Lettres de l'Universite d'Alger. | ||
| 500 | |a "Deuxieme article." | ||
| 500 | |a "Extrait des 'Annales de l'Institut d'Etudes Orientales', tome iii, annee 1937." | ||
| 500 | |a Pages also numbered 120-237. | ||
| 710 | 2 | |a Universite d'Alger. |b Faculte des lettres et sciences humaines. | |
| 999 | |c 57059 |d 57059 | ||
